[Event "South African op"]
[Site "Cape Town"]
[Date "2022.07.13"]
[Round "7"]
[White "Louw, Llewellyn T"]
[Black "Ncethelo, Bongolethu"]
[Result "1/2-1/2"]
[WhiteElo "1593"]
[BlackElo "1677"]
[PlyCount "58"]
[EventDate "2022.07.09"]
[EventType "swiss"]
[EventRounds "11"]
[EventCountry "RSA"]
[SourceTitle "CBM 209 Extra"]
[Source "ChessBase"]
[SourceDate "2022.09.30"]
[SourceVersion "1"]
[SourceVersionDate "2022.09.30"]
[SourceQuality "1"]

1. e4 Nc6 2. Nc3 Nf6 3. d4 d5 4. e5 Ne4 5. Nxe4 dxe4 6. Be3 e6 7. Bb5 Bd7 8. Qe2 a6 9. Bc4 Na5 10. Bb3 Bc6 11. c3 Nxb3 12. axb3 Qd5 13. Qc2 f6 14. exf6 gxf6 15. Ne2 Rg8 16. b4 Bd6 17. b3 Qh5 18. g3 Qh3 19. 0-0-0 Qf5 20. Kb2 Kf7 21. Ra1 b6 22. h4 Ra7 23. Ra2 Rga8 24. Rha1 Bd7 25. Qd2 a5 26. bxa5 Rxa5 27. Rxa5 Rxa5 28. c4 Rxa1 29. Kxa1 Bc6 1/2-1/2